00354nam a2200145Ia 4500003000400000008004100004040001600045082001300061100001600074245002900090260004200119300001000161650001500171650002200186GCL140319s9999 xx 000 0 eng d aGCL / cGCL04a843bZ G1 aZOLA, EMILE10aGERMINAL / cZOLA, EMILE a[S.N] : bLE LIVRE DE POCHE ، c1983 a536 P04aLITERATURE04aFRENCH LITERATURE